<?xml version="1.0" encoding="UTF-8"?>
<collection xmlns="http://www.loc.gov/MARC21/slim">
 <record>
  <leader>01836nam a22003854a 4500</leader>
  <controlfield tag="001">34620</controlfield>
  <controlfield tag="003">BD-DhAAL</controlfield>
  <controlfield tag="005">20211118131344.0</controlfield>
  <controlfield tag="008">190506r20172001nyuaf    f    001 0 eng d</controlfield>
  <datafield tag="999" ind1=" " ind2=" ">
   <subfield code="c">40705</subfield>
   <subfield code="d">40705</subfield>
  </datafield>
  <datafield tag="010" ind1=" " ind2=" ">
   <subfield code="a">  2001030504</subfield>
  </datafield>
  <datafield tag="020" ind1=" " ind2=" ">
   <subfield code="a">9781259004094</subfield>
  </datafield>
  <datafield tag="020" ind1=" " ind2=" ">
   <subfield code="a">1259004090</subfield>
  </datafield>
  <datafield tag="020" ind1=" " ind2=" ">
   <subfield code="a">0071346163 (alk. paper)</subfield>
  </datafield>
  <datafield tag="040" ind1=" " ind2=" ">
   <subfield code="a">DLC</subfield>
   <subfield code="c">DLC</subfield>
   <subfield code="d">DLC</subfield>
   <subfield code="d">BD-DhAAL</subfield>
  </datafield>
  <datafield tag="042" ind1=" " ind2=" ">
   <subfield code="a">pcc</subfield>
  </datafield>
  <datafield tag="050" ind1="0" ind2="0">
   <subfield code="a">NK2110</subfield>
   <subfield code="b">.T48 2001</subfield>
  </datafield>
  <datafield tag="082" ind1="0" ind2="0">
   <subfield code="a">729</subfield>
   <subfield code="2">21</subfield>
  </datafield>
  <datafield tag="245" ind1="0" ind2="0">
   <subfield code="a">Time-saver standards for interior design and space planning /</subfield>
   <subfield code="c">edited by Joseph De Chiara, Julius Panero and Martin Zelnik.</subfield>
  </datafield>
  <datafield tag="250" ind1=" " ind2=" ">
   <subfield code="a">Second edition</subfield>
  </datafield>
  <datafield tag="260" ind1=" " ind2=" ">
   <subfield code="a">New York :</subfield>
   <subfield code="b">McGraw-Hill,</subfield>
   <subfield code="c">c2001 [fifth reprinted 2015 ; sixth reprinted 2017]</subfield>
  </datafield>
  <datafield tag="300" ind1=" " ind2=" ">
   <subfield code="a">xix, 1689 pages, [16] pages of plates :</subfield>
   <subfield code="b">illustrations (some colors) ;</subfield>
   <subfield code="c">29 cm.</subfield>
  </datafield>
  <datafield tag="500" ind1=" " ind2=" ">
   <subfield code="a">Includes index.</subfield>
  </datafield>
  <datafield tag="526" ind1=" " ind2=" ">
   <subfield code="a">ARC, SoAD</subfield>
  </datafield>
  <datafield tag="541" ind1=" " ind2=" ">
   <subfield code="a">Mullick &amp; Brothers ; Zeenat Book Supply Limited</subfield>
   <subfield code="e">34620, 36341</subfield>
  </datafield>
  <datafield tag="650" ind1=" " ind2="0">
   <subfield code="a">Interior decoration</subfield>
   <subfield code="x">Standards</subfield>
   <subfield code="v">Handbooks, manuals, etc.</subfield>
   <subfield code="9">31500</subfield>
  </datafield>
  <datafield tag="650" ind1=" " ind2="0">
   <subfield code="a">Interior architecture</subfield>
   <subfield code="x">Standards</subfield>
   <subfield code="v">Handbooks, manuals, etc.</subfield>
   <subfield code="9">31501</subfield>
  </datafield>
  <datafield tag="650" ind1=" " ind2="0">
   <subfield code="a">Architecture</subfield>
   <subfield code="9">42836</subfield>
  </datafield>
  <datafield tag="700" ind1="1" ind2=" ">
   <subfield code="a">De Chiara, Joseph,</subfield>
   <subfield code="d">1929-</subfield>
   <subfield code="9">31502</subfield>
  </datafield>
  <datafield tag="700" ind1="1" ind2=" ">
   <subfield code="a">Panero, Julius.</subfield>
   <subfield code="9">31503</subfield>
  </datafield>
  <datafield tag="700" ind1="1" ind2=" ">
   <subfield code="a">Zelnik, Martin,</subfield>
   <subfield code="d">1939-</subfield>
   <subfield code="9">31504</subfield>
  </datafield>
  <datafield tag="852" ind1=" " ind2=" ">
   <subfield code="a">Ayesha Abed Library</subfield>
   <subfield code="c">General Stacks</subfield>
  </datafield>
  <datafield tag="942" ind1=" " ind2=" ">
   <subfield code="2">ddc</subfield>
   <subfield code="c">BK</subfield>
  </datafield>
  <datafield tag="952" ind1=" " ind2=" ">
   <subfield code="0">0</subfield>
   <subfield code="1">0</subfield>
   <subfield code="2">ddc</subfield>
   <subfield code="4">0</subfield>
   <subfield code="6">729_000000000000000_TIM</subfield>
   <subfield code="7">0</subfield>
   <subfield code="9">65397</subfield>
   <subfield code="a">BRACUL</subfield>
   <subfield code="b">BRACUL</subfield>
   <subfield code="c">GEN</subfield>
   <subfield code="d">2019-04-24</subfield>
   <subfield code="e">Mullick &amp; Brothers</subfield>
   <subfield code="g">5190.00</subfield>
   <subfield code="l">4</subfield>
   <subfield code="m">36</subfield>
   <subfield code="o">729 TIM</subfield>
   <subfield code="p">3010034620</subfield>
   <subfield code="r">2026-01-18</subfield>
   <subfield code="s">2026-01-14</subfield>
   <subfield code="t">1</subfield>
   <subfield code="v">5190.00</subfield>
   <subfield code="w">2019-04-24</subfield>
   <subfield code="y">BK</subfield>
   <subfield code="x">Transferred from ARC to BRACUL on 28/12/2023</subfield>
  </datafield>
  <datafield tag="952" ind1=" " ind2=" ">
   <subfield code="0">0</subfield>
   <subfield code="1">0</subfield>
   <subfield code="2">ddc</subfield>
   <subfield code="4">0</subfield>
   <subfield code="6">729_000000000000000_TIM</subfield>
   <subfield code="7">0</subfield>
   <subfield code="9">66596</subfield>
   <subfield code="a">BRACUL</subfield>
   <subfield code="b">BRACUL</subfield>
   <subfield code="c">GEN</subfield>
   <subfield code="d">2019-09-30</subfield>
   <subfield code="e">Zeenat Book Supply Limited</subfield>
   <subfield code="g">8300.00</subfield>
   <subfield code="l">5</subfield>
   <subfield code="m">35</subfield>
   <subfield code="o">729 TIM</subfield>
   <subfield code="p">3010036341</subfield>
   <subfield code="r">2026-05-16</subfield>
   <subfield code="s">2026-05-09</subfield>
   <subfield code="t">2</subfield>
   <subfield code="v">8300.00</subfield>
   <subfield code="w">2019-09-30</subfield>
   <subfield code="y">BK</subfield>
   <subfield code="x">Transferred from ARC to BRACUL on 28/12/2023</subfield>
  </datafield>
 </record>
</collection>
